Loading...
| History - World History | 0 | 4 | 0 | 1 | 40 | 20 | 42.75 | 2 | 2 |
| Science - Other Science | 0 | 4 | 1 | 0 | 35 | 39 | 53.25 | 1 | 2 |
| Current Events | 0 | 4 | 2 | 1 | 30 | 42 | 66.75 | 1 | 2 |
| Science - Chemistry | 0 | 3 | 0 | 1 | 30 | 33 | 60.00 | 1 | 2 |
| Science - Physics | 0 | 2 | 0 | 0 | 20 | 67 | 76.00 | 0 | 0 |
| Science - Biology | 0 | 2 | 0 | 1 | 20 | 51 | 60.00 | 0 | 0 |
| Geography | 0 | 2 | 1 | 0 | 15 | 76 | 77.50 | 0 | 2 |
| History - European History | 0 | 2 | 1 | 1 | 15 | 45 | 67.50 | 0 | 1 |
| History - American History | 0 | 1 | 0 | 0 | 10 | 64 | 64.00 | 0 | 0 |
| Literature - British Literature | 0 | 1 | 0 | 0 | 10 | 72 | 72.00 | 0 | 1 |
| Mythology | 0 | 1 | 0 | 0 | 10 | 124 | 124.00 | 0 | 0 |
| Pop Culture | 0 | 1 | 0 | 0 | 10 | 61 | 61.00 | 0 | 0 |
| Social Science | 0 | 1 | 1 | 0 | 5 | 64 | 64.00 | 0 | 0 |
| History - Other History | 0 | 1 | 1 | 0 | 5 | 58 | 58.00 | 0 | 1 |
| Religion | 0 | 1 | 1 | 0 | 5 | 62 | 62.00 | 0 | 1 |
| Philosophy | 0 | 0 | 1 | 0 | -5 | 0.00 | 0 | 0 | |
| Painting/Sculpture | 0 | 0 | 1 | 0 | -5 | 0.00 | 0 | 0 |